000
00445nam a2200145Ia 4500
008
100122s9999 xx 000 0 und d
082
_b
22088
_a
131.3
100
_a
आपटे वा शि
245
_a
चिंता का करता ?
260
_b
मंदाकिनी भावे
_c
1975
300
_a
138
630
_a
चिंता का करता ?
730
_a
चिंता का करता ?
942
_c
BOOK
999
_c
410042
_d
410039